00570nam a2200181 i 450000100060000000300090000600500170001500700030003200800410003510000210007624500740009725000150017126000820018630000320026850000340030065100230033485200310035739580ES-MaACL20230906160032.0t|030303s1953 sp ||||1| spa d1 aCanosa, Ramón.10aHistoria menuda de un pueblo gallego b: [Vivero] / cRamón Canosa. a[1ª ed.]. aBarcelona : bJuventud, c[1953] (fCasa Provincial de Caridad, Imp. Escuela) a159 p., 8 lám. ; c22 cm. aTitulo tomado de la pág. 5. 4aVivero-xHistoria. aES-MaACLjD-9297 bR.34608